<?xml version="1.0" encoding="UTF-8"?>
<record
    xmlns:xsi="http://www.w3.org/2001/XMLSchema-instance"
    xsi:schemaLocation="http://www.loc.gov/MARC21/slim http://www.loc.gov/standards/marcxml/schema/MARC21slim.xsd"
    xmlns="http://www.loc.gov/MARC21/slim">

  <leader>01198njm a22002657a 4500</leader>
  <controlfield tag="005">20100901115333.0</controlfield>
  <controlfield tag="006">a|||||r|||||00| 0 </controlfield>
  <controlfield tag="007">sd ammalaaahaa</controlfield>
  <controlfield tag="008">100901t        xxu||||| |||| 00| 0 eng d</controlfield>
  <datafield tag="028" ind1=" " ind2=" ">
    <subfield code="a">N 54005</subfield>
    <subfield code="b">His Master Voice</subfield>
  </datafield>
  <datafield tag="035" ind1=" " ind2=" ">
    <subfield code="a">GR-01016</subfield>
  </datafield>
  <datafield tag="040" ind1=" " ind2=" ">
    <subfield code="a">SED</subfield>
    <subfield code="c">SED</subfield>
  </datafield>
  <datafield tag="100" ind1=" " ind2=" ">
    <subfield code="a">Mangeshkar, Lata</subfield>
    <subfield code="9">17891</subfield>
  </datafield>
  <datafield tag="245" ind1=" " ind2=" ">
    <subfield code="a">Anpadh /</subfield>
    <subfield code="c">by Lata Mangeshkar ; Music by Madan Mohan ; lyrices by Raja Mehdi Ali Khan</subfield>
    <subfield code="h">[Sound recording]</subfield>
  </datafield>
  <datafield tag="246" ind1=" " ind2=" ">
    <subfield code="a">&#x905;&#x928;&#x92A;&#x922;&#x93C;  /  &#x932;&#x924;&#x93E;  &#x92E;&#x902;&#x917;&#x947;&#x936;&#x915;&#x930; </subfield>
  </datafield>
  <datafield tag="260" ind1=" " ind2=" ">
    <subfield code="a">DUM DUM, India</subfield>
    <subfield code="b">His Master Voice</subfield>
  </datafield>
  <datafield tag="300" ind1=" " ind2=" ">
    <subfield code="a">1 Sound disc [Gramophone Recording] :</subfield>
    <subfield code="b">analog, 33 1/3 rpm</subfield>
    <subfield code="c">9.5 in. (MP)</subfield>
    <subfield code="f">Gramophone Record</subfield>
  </datafield>
  <datafield tag="500" ind1=" " ind2=" ">
    <subfield code="a">Brief record</subfield>
  </datafield>
  <datafield tag="505" ind1=" " ind2=" ">
    <subfield code="a">Side-1 &#x939;&#x948; &#x907;&#x938;&#x940; &#x92E;&#x947;&#x902; &#x92A;&#x94D;&#x92F;&#x93E;&#x930; &#x915;&#x940; &#x905;&#x92C;&#x930;&#x942;  (Hae isi me pyar ki abru) --Side-2 &#x91C;&#x93F;&#x92F;&#x93E; &#x932;&#x947; &#x917;&#x92F;&#x94B;&#x91C;&#x940; &#x92E;&#x940;&#x930;&#x93E;  &#x938;&#x93E;&#x902;&#x935;&#x930;&#x93F;&#x92F;&#x93E;  ( Jiya le gyoji meera sanvriya) ((Lata Mangeshkar))</subfield>
  </datafield>
  <datafield tag="650" ind1=" " ind2=" ">
    <subfield code="a">Classical music</subfield>
    <subfield code="x">Excerpts</subfield>
    <subfield code="z">India</subfield>
    <subfield code="9">17892</subfield>
  </datafield>
  <datafield tag="700" ind1=" " ind2=" ">
    <subfield code="a">Mohan, Madan</subfield>
    <subfield code="9">18746</subfield>
  </datafield>
  <datafield tag="700" ind1=" " ind2=" ">
    <subfield code="a">Raja Mehdi Ali Khan</subfield>
    <subfield code="9">18747</subfield>
  </datafield>
  <datafield tag="942" ind1=" " ind2=" ">
    <subfield code="2">ddc</subfield>
    <subfield code="c">GR</subfield>
  </datafield>
  <datafield tag="999" ind1=" " ind2=" ">
    <subfield code="c">44272</subfield>
    <subfield code="d">44272</subfield>
  </datafield>
  <datafield tag="952" ind1=" " ind2=" ">
    <subfield code="0">0</subfield>
    <subfield code="1">0</subfield>
    <subfield code="2">ddc</subfield>
    <subfield code="4">0</subfield>
    <subfield code="7">1</subfield>
    <subfield code="8">NFIC</subfield>
    <subfield code="a">L</subfield>
    <subfield code="b">L</subfield>
    <subfield code="d">2010-09-07</subfield>
    <subfield code="e">SED/VEN</subfield>
    <subfield code="l">0</subfield>
    <subfield code="p">GR-01016</subfield>
    <subfield code="r">2010-09-07 00:00:00</subfield>
    <subfield code="t">1</subfield>
    <subfield code="w">2010-09-07</subfield>
    <subfield code="y">GR</subfield>
  </datafield>
</record>
